000 01067cam a22003257a 4500
003 CHAP
005 20220329142254.0
008 000418d1997 mx ab r 00110 spa d
010 _a80884
011 _a81856
020 _a9682429463
035 _a92337
040 _cCHAP
082 0 4 _a910
_bT7 1995
100 0 0 _aTrejo Escobar, Erasmo.
_9114745
245 1 0 _aGeografía general :
_bel universo, nuestro planeta y sus recursos
_c/por Erasmo Trejo Escobar [y otros]
250 _a3 ed.
260 _aMéxico, D.F. :
_bTrillas,
_c1997.
300 _a300 p. :
_bilus. ; mapas
590 _aBATCH-UPD
_b10
_c20130110
_lUCH01
_h0441
590 _aBATCH-UPD
_b10
_c20130410
_lUCH01
_h0117
590 _aBATCH-UPD
_b10
_c20130914
_lUCH01
_h1536
590 _aCONVERSION
_b10
_c20130109
_lUCH01
_h1345
650 1 4 _aGeografía
_xEstudio y enseñanza.
_947550
700 0 _aSánchez Cervón, Julio.
_9107417
901 _aBK
905 _aGuadalupe Pinto C.
942 _cLIBRO
949 _a910.7 T7 1995
_bBC
_cLIBRO
_d33724000757605
_eLIBRO
_gI. c/e.
_h97758
_i92337
_si
_t$70.00
999 _c80884
_d80884